000 00511nam a2200181 4500
001 143379
003 ES-MaACL
005 20230906200808.0
007 t|
008 070214s1972 sp r ||||1| spa d
100 1 _aSendy, Jean.
_9105450
245 1 3 _aLa era del acuario /
_cJean Sendy ; traducción de Adolfo Martín.
250 _a1ª. ed.
260 _aBarcelona :
_bPlaza & Janés,
_c1972.
300 _a317 p. ;
_c22 cm.
700 1 _aMartín, Adolfo.
_977259
852 _aES-MaACL
_jC-45111
_bR.83820
999 _c143379
_d143379